[Notes pour servir à l'histoire des anciens glaciers de l'Auvergne / (Record no. 158709)

MARC details
000 -LEADER
campo de control de longitud fija 00894nam a22002055i 4500
001 - NÚMERO DE CONTROL
campo de control 158709
003 - IDENTIFICADOR DE NÚMERO DE CONTROL
campo de control ES-MaACL
005 - FECHA Y HORA DE LA ÚLTIMA TRANSACCIÓN
campo de control 20230906211258.0
008 - DATOS DE LONGITUD FIJA--INFORMACIÓN GENERAL
campo de control de longitud fija 040902s1870 fr |||| | fre d
040 ## - FUENTE DE CATALOGACIÓN
Centro catalogador/agencia de origen CAM
Lengua de catalogación spa
Centro/agencia transcriptor CAM
100 1# - ENTRADA PRINCIPAL--NOMBRE DE PERSONA
Nombre de persona Marcou, Jules.
9 (RLIN) 76547
245 10 - MENCIÓN DEL TÍTULO
Título [Notes pour servir à l'histoire des anciens glaciers de l'Auvergne /
Mención de responsabilidad, etc. par Jules Marcou].
260 ## - PUBLICACIÓN, DISTRIBUCIÓN, ETC.
Lugar de publicación, distribución, etc. Paris :
Nombre del editor, distribuidor, etc. [s.n.,
Fecha de publicación, distribución, etc. s.a.] (
Fabricante Edouard Blot imprimeur)
300 ## - DESCRIPCIÓN FÍSICA
Extensión P. 361-363 ;
Dimensiones 24 cm.
500 ## - NOTA GENERAL
Nota general Extrait du Bulletin de la Société Geologique de France, 2\pe\s série, t.XXVII, p. 361, séance du 10 janvier 1870.
594 ## - Nota al título y mención de responsabilidad
Nota al título y mención de responsabilidad Tit. tomado de comienzo del texto.
596 ## - NOTA AL PIE DE IMPRENTA
NOTA AL PIE DE IMPRENTA Pie de imp. tomado de colofón.
650 #4 - PUNTO DE ACCESO ADICIONAL DE MATERIA--TÉRMINO DE MATERIA
Término de materia o nombre geográfico como elemento de entrada Glaciares-
Subdivisión geográfica Francia.
9 (RLIN) 136189
852 ## - LOCALIZACIÓN
Ubicación ES-MaACL
Número de control de estantería T-901-F-25
Nota libre -- Enc. hol.
-- -- Enc. en un vol. facticio falto de la cub. original
-- .- Legado de Federico de Botella y de Hornos
Holdings
Estatus retirado Estado de pérdida Estado de daño No para préstamo Colección Biblioteca de origen Biblioteca actual Ubicación en estantería Fecha de adquisición Fuente de adquisición Total de préstamos Signatura topográfica completa Código de barras Visto por última vez Precio de reemplazo Tipo de ítem Koha
        Colección de folletos Biblioteca del Ateneo de Madrid Biblioteca del Ateneo de Madrid Depósito folletos 17/01/2008     T-901-F-25 1166118 23/02/2023 23/02/2023 Folleto